000 00663nam a2200205 i 4500
001 24662
003 ES-MaACL
005 20250825062627.0
007 t|
008 021218s1963 sp a |||| | spa d
245 0 0 _aAntología de la literatura infantil en lengua española /
_cCarmen Bravo-Villasante.
260 _aMadrid :
_bDoncel,
_c[1963]
300 _a2 v. :
_bil. ;
_c28 cm.
650 4 _aLiteratura infantil española.
_9163780
650 4 _aLiteratura-
_vLibros infantiles.
_9163779
655 7 _aLibros infantiles
_2tgfbne
_9226786
700 1 _aBravo-Villasante, Carmen,
_d1918-1994
_931507
852 4 _aES-MaACL
_jC-23575-76
999 _c24662
_d24662